HANDBOOK of implementation science for psychology in education
Saved in:
| Format: | Book |
|---|---|
| Language: | English |
| Published: |
Cambridge University Press
2012
|
| Tags: |
Add Tag
No Tags, Be the first to tag this record!
|
MARC
| LEADER | 00000nam a22000007a 4500 | ||
|---|---|---|---|
| 008 | 210609b ||||| |||| 00| 0 eng d | ||
| 022 | |a 9780521127028 | ||
| 245 | |a HANDBOOK of implementation science for psychology in education |c edited by Barbara Kelly, Daniel F. Perkins |g xv, 490p | ||
| 250 | |c Kelly, Barbara | ||
| 250 | |c Perkins, Daniel F. | ||
| 260 | |b Cambridge University Press |c 2012 |h New York |i 696219 |i 696220 |l LB1051.H19 |m Educational Psychology |m School Psychology | ||
| 500 | |a it includes references and index | ||
| 942 | |a lcc |c BK |e O.A.JOHNSON |f 08/06/21 | ||
| 952 | |0 0 |1 0 |2 lcc |4 0 |6 LB1051 H19 |7 0 |9 2554 |a ED |b HOL |c LP |d 2021-06-09 |l 0 |n 2 |o LB1051.H19 |p 2021-6405 |r 2021-06-09 00:00:00 |t 696219 |w 2021-06-09 |y BK | ||
| 952 | |0 0 |1 0 |2 lcc |4 0 |6 LB1051 H19 |7 0 |9 2555 |a HOL |b RF |c LP |d 2021-06-09 |l 0 |n 2 |o LB1051.H19 |p 2021-6406 |r 2021-06-09 00:00:00 |t 696220 |w 2021-06-09 |y BK | ||
| 999 | |c 1333 |d 1333 | ||